00656nam a2200193 4500003001100000005001700011008004100028040003900069041000800108082001600116100002000132245009500152260003200247300007500279650001300354650002200367650004800389700002500437LK-CoMWRAF20231202120415.0231202b2004 |||||||| |||| 00| 0 eng d aLK-CoMWRAFdLK-CoMWRAFeLK-CoMWRAF aeng a305.42bSHA aShaheed, Farida aGreat ancestors : women asserting rights in Muslim contexts : binformation & training kit aLahore:bShirkat Gah,c2004 a: ill. (some color) ; 29 cmbBibliography, glossary and index included aFEMINISM aFeminism-Pakistan aWomen Legal status, laws- Islamic countries aShaheed, Aisha, L.F.